01980nam a2200505 i 450000100060000000300080000600500170001400600190003100700150005000800410006502000270010602000180013303500230015103500240017403500250019803500220022304000310024505000240027608000080030008200170030824501360032526400350046130000410049633600310053733700330056833800430060149000570064450000220070150400290072358801240075259001590087665000200103565000200105565000390107565000460111465000200116065000260118065500270120670000430123370000420127679700190131883000580133785600620139599900170145747157FlNmELB20241216231836.0m o d | cr cnu||||||||170612s2015 sp ob 001 0 spa d a9781512938333 (e-book) z9788484767060 a(MiAaPQ)EBC4849936 a(Au-PeEL)EBL4849936 a(CaPaEBR)ebr11379466 a(OCoLC)1009095225 aFINmELBbspaerdacFINmELB 4aTD196.O73bI46 2015 a5740 a576.113322300aIngeniería y aspectos técnicos de la estabilización aeróbica II.n3 /cArturo F. Chica Pérez, coordinador ; [y otros 9]. 1aMadrid :bMundi-Prensa,c2015. a1 recurso en línea (289 páginas) atextobtxt2rdacontent/spa acomputadorabc2rdamedia/spa arecurso en líneabcr2rdacarrier/spa1 aResiduo a Recurso. El camino hacia la Sostenibilidad aIncluye índice. aContiene bibliografía. aDescripción basada en recurso en línea; Título de la página del título en PDF (e-libro, visto June 12, 2017). aRecurso electronico. Santa Fe, Arg. : e-libro, 2016. Disponible via World Wide Web. El acceso puede ser limitado para las bibliotecas afiliadas a e-libro. 0aSustainability. 4aSostenibilidad. 0aOrganic compoundsxBiodegradation. 4aCompuestos orgánicosxBiodegradación. 0aOrganic wastes. 4aResiduos orgánicos. 4aLibros electrónicos.1 aChica Pérez, Arturo F,ecoordinador.1 aArtola Casacuberta, Adriana,eautora.2 ae-libro, Corp. 0aResiduo a Recurso. El camino hacia la Sostenibilidad.40uhttps://elibro.net/ereader/politecnicointernacional/55268 c47157d47157